1187 1488 1005 1795 1435 1906 1701 1530 1239 1389 1734 1731 1771 1373 1116 1726 1969 1107 1886 1394 1232 1912 1086 1186 1790 1111 1240 1955 1853 1195 1397 1274 1136 1339 1283 1343 1033 1448 1695 1446 1210 1007 1399 1462 1289 1221 1580 1052 1877 1738 1125 1675 1334 1278 1757 1514 1282 1417 1484 1934 1537 1459 1651 1832 1903 1687 1650 1186 1485 1014 1189 1209 1049 1152 1506 1306 1241 1159 1277 1419 1561 1208 1467 1195 1860 1193 1738 1520 1028 1321 1758 1577 1393 1891 1728 1852 1414 1500 1454 BCNSPRNW ULIB Ver.6.0+V

เปลี่ยนเป็นภาษาไทย

Change to English
 แสดงรายละเอียดบรรณานุกรม
  กลับหน้าหลัก

Brief Record : Get Marc (ISO 2709) : E-mail record : QR code < ปิดหน้าต่าง
LEADER : 00000nam 2200000uu 4500
001    13399127158
003     ULIB
008    191018s2562||||th 000 0 tha d
020 ^- ^a9786167735993
050 ^- ^aนว.^bพ119ป
100 0^ ^aพงศกร.
245 10 ^aเปลวกนก ชุดคุณหญิงยอดนักสืบ /^cพงศกร.
250 ^- ^aพิมพ์ครั้งที่ 1.
260 ^- ^aกรุงเทพฯ :^bกรู๊ฟ พับลิชชิ่ง,^c2562
300 ^- ^a395 หน้า.
945    ^p340^l0^i006345
999    ^aประนอม เกษจรัล
รายการนี้ยังไม่มีแท็ก
คุณยังไม่ได้ล็อกอิน คุณสามารถมีกิจกรรมร่วมกับเว็บไซต์ได้ แต่ต้องล็อกอินก่อน ::
  ล็อกอิน

รายการสื่อสารสนเทศ

ลำดับที่ ประเภท เลขเรียก/บาร์โค้ด สถานที่ สถานะ
1. นวนิยาย
นวนิยาย
นว. พ119ป ฉ.1 
  Barcode: 006345
ห้องสมุดวิทยาเขตนครสวรรค์
►นวนิยาย:l:Fiction
บนชั้น

รายการใกล้เคียง
    ผู้แต่ง [พงศกร.]

BibComment


ยังไม่เคยถูกคอมเมนท์

คอมเมนท์ทรัพยากรรายการนี้
  คอมเมนท์: เปลวกนก ชุดคุณหญ..


 Copyright 2026. Bcnsprnw @Library